Conceptualización, origen y evolución del turismo / (Registro nro. 12937)
[ vista simple ]
| 000 -Líder | |
|---|---|
| Campo de control de longitud fija | 00830nam a22002657a 4500 |
| 003 - Identificador del número de control | |
| campo de control | MX-JoTES |
| 005 - Fecha y hora de la última transacción | |
| campo de control | 20260304173657.0 |
| 008 - Elementos de longitud fija -- Información general | |
| Campo de control de longitud fija | 260304b xxu||||| |||| 00| 0 eng d |
| 020 ## - ISBN | |
| Número Internacional Normalizado del libro | 9786071729606 |
| 040 ## - Fuente de catalogación | |
| Agencia de catalogación original | UNAMX |
| Idioma de catalogación | spa |
| Agencia que realiza la transcripción | MX-JoTES |
| Normas para la descripción | rda |
| 050 ## - Signatura topográfica de la biblioteca del congreso (LC) | |
| Número clasificador | G155.8M4 |
| Número del ítem | A34 2017 |
| 100 1# - Entrada principal -- Nombre personal | |
| Nombre personal | Acerenza, Miguel Angel, |
| Término indicativo de función | autor |
| 245 10 - Mención del título | |
| Título | Conceptualización, origen y evolución del turismo / |
| Mención de responsabilidad, etc. | Miguel Ángel Acerenza |
| 250 ## - Mención de edición | |
| Mención de edición | Tercera edición |
| 264 #1 - Producción, publicación , distribución, fabricación y copyright | |
| Lugar de producción, publicación, distribución, fabricación | Ciudad de México : |
| Nombre del productor, editor, distribuidor, fabricante | Editorial Trillas, |
| Fecha de de producción, publicación, distribución, fabricación o copyright | 2017 |
| 300 ## - Descripción física | |
| Extensión | 125 páginas : |
| Otros detalles físicos | ilustraciones |
| 336 ## - Tipo de contenido | |
| Fuente | rdacontent |
| Término del tipo de contenido | texto |
| 337 ## - Tipo de medio | |
| Fuente | rdamedia |
| Nombre del tipo de medio | sin medio |
| 338 ## - Tipo de soporte | |
| Fuente | rdacarrier |
| Nombre del tipo de soporte | volumen |
| 490 0# - Mención de serie | |
| Mención de serie | Trillas turismo |
| 541 ## - Nota de fuente inmediata de adquisición | |
| Fuente de adquisición | Compra |
| Precio de compra | 169.15 |
| 591 ## - Carreras | |
| Carrera 1 | Licenciatura en Turismo |
| 650 #4 - Asiento secundario de materia--Termino temático | |
| Término temático o nombre geográfico como elemento de entrada | Turismo |
| Subdivisión general | Estudio y enseñanza |
| Subdivisión geográfica | México |
| 650 #4 - Asiento secundario de materia--Termino temático | |
| Término temático o nombre geográfico como elemento de entrada | Turismo |
| Sistema de clasificación | Tipo de material | Ubicación (sede actual) | Ubicación (sede de origen) | Localización | Fecha de adquisicion | Forma de adquisicón | Precio | Signatura topográfica | Código de barras | Fecha visto por última vez | Número de ejemplar | Colección (propiedades de préstamo) | Nota pública |
|---|---|---|---|---|---|---|---|---|---|---|---|---|---|
| Colecion General | Extensión Aculco del Tecnológico de Estudios Superiores de Jocotitlán | Extensión Aculco del Tecnológico de Estudios Superiores de Jocotitlán | Coleccion General | 2026-03-04 | Compra | 169.15 | G155.8M4 A34 2017 | B00344 | 2026-03-04 | 1 | Libro | Este libro no sale de la biblioteca. | |
| Colecion General | Extensión Aculco del Tecnológico de Estudios Superiores de Jocotitlán | Extensión Aculco del Tecnológico de Estudios Superiores de Jocotitlán | Coleccion General | 2026-03-04 | Compra | 169.15 | G155.8M4 A34 2017 | B00345 | 2026-03-04 | 2 | Libro | ||
| Colecion General | Tecnológico de Estudios Superiores de Jocotitlán | Tecnológico de Estudios Superiores de Jocotitlán | Coleccion General | 2026-03-04 | Compra | 169.15 | G155.8M4 A34 2017 | A19173 | 2026-03-04 | 1 | Libro | Este libro no sale de la biblioteca. | |
| Colecion General | Tecnológico de Estudios Superiores de Jocotitlán | Tecnológico de Estudios Superiores de Jocotitlán | Coleccion General | 2026-03-05 | Compra | 169.15 | G155.8M4 A34 2017 | A19219 | 2026-03-05 | 2 | Libro |
